MARC

LEADER 00000nam0a2200000 4500
001 117908
005 20231101215431.0
010 |a 7501769524 
035 |a (RuTPU)RU\TPU\book\127618 
090 |a 117908 
100 |a 20070606d2005 km y0rusy50 ea 
101 0 |a rus 
102 |a CN 
105 |a y z 000zy 
200 1 |a Роль политических интересов в экономическом развитии  |f Ван Вэньпин 
210 |a Пекин  |c Китайская экономика  |d 2005 
215 |a 258 с. 
300 |a Книга на китайском языке. 
606 1 |a Китай  |x Экономика  |2 stltpush  |3 (RuTPU)RU\TPU\subj\36265  |9 57705 
610 1 |a экономика 
610 1 |a экономическая политика 
610 1 |a экономическое развитие 
610 1 |a экономические интересы 
610 1 |a 20 век 
610 1 |a 21 век 
610 1 |a Китайская Народная Республика 
610 1 |a КНР 
686 |a У9(5Кит)  |v LBC/SL-A  |2 rubbk 
700 0 |a Ван Вэньпин 
801 1 |a RU  |b 63413507  |c 20070606  |g PSBO 
801 2 |a RU  |b 63413507  |c 20220530  |g PSBO 
942 |c BK